The householder's world: (Record no. 11796)

MARC details
000 -LEADER
fixed length control field 00765 a2200205 4500
010 ## - LIBRARY OF CONGRESS CONTROL NUMBER
LC control number ENG-90009
020 ## - INTERNATIONAL STANDARD BOOK NUMBER
International Standard Book Number 9780195695992
Terms of availability 395.00
035 ## - SYSTEM CONTROL NUMBER
System control number EN-73542
037 ## - SOURCE OF ACQUISITION
Source of stock number/acquisition DBAD / PUB
082 14 - DEWEY DECIMAL CLASSIFICATION NUMBER
Classification number 306.85095461
090 ## - LOCALLY ASSIGNED LC-TYPE CALL NUMBER (OCLC); LOCAL CALL NUMBER (OCLC)
-- 12150
-- 12150
100 1# - MAIN ENTRY--PERSONAL NAME
Personal name Gray, John N.
245 1# - TITLE STATEMENT
Title The householder's world:
Statement of responsibility, etc by John N. Gray
Remainder of title purity, power and dominance in a Nepali Village/
260 ## - PUBLICATION, DISTRIBUTION, ETC. (IMPRINT)
Place of publication, distribution, etc New Delhi
Name of publisher, distributor, etc Oxford University Press
Date of publication, distribution, etc 2008
270 ## - ADDRESS
Address YMCA Library Building, Jai Singh Road
City New Delhi
Postal code 110 001
300 ## - PHYSICAL DESCRIPTION
Extent xiv, 302p.
Dimensions 24cm (pbk)
500 ## - GENERAL NOTE
General note Includes glossary, bibliographical references & index
942 ## - ADDED ENTRY ELEMENTS (KOHA)
Institution code [OBSOLETE] dpl
Koha item type English Books
Call number prefix 306.85095461 / GRA
Holdings
Withdrawn status Lost status Source of classification or shelving scheme Damaged status Not for loan Collection code Home library Current library Source of acquisition Cost, normal purchase price Total Checkouts Full call number Barcode Date last seen Copy number Uniform Resource Identifier Cost, replacement price Price effective from Koha item type
    Dewey Decimal Classification   Not For Loan Non-fiction D.B.Act.Division D.B.Act.Division DBAD/PUB 395.00   306.85095461 EN-73542 15/09/2008 1 12911 395.00 15/09/2008 English Books

© Delhi Public Library
Hit Counter
free hit counter